La agricultura familiar en los países del Cono Sur /
Guardado en:
| Autor Principal: | |
|---|---|
| Autor Corporativo: | |
| Otros Autores: | |
| Formato: | Libro |
| Idioma: | Spanish |
| Publicado: |
Asunción :
IICA,
2007.
|
| Acceso en línea: | Acceso a texto completo |
| Etiquetas: |
Agregar Etiqueta
Sin Etiquetas, Sea el primero en etiquetar este registro!
|
| LEADER | 00786nam a22001935a 4500 | ||
|---|---|---|---|
| 001 | EEA.libagro008034 | ||
| 008 | 130809s2007####py#a##########000#0#spa#d | ||
| 005 | 20200903173744.0 | ||
| 245 | 1 | 3 | |a La agricultura familiar en los países del Cono Sur / |c editores: Alex Barril García, Fátima Almada Chavez. |
| 260 | |a Asunción : |b IICA, |c 2007. | ||
| 300 | |a 189 p. : |b il. ; |c 25 cm. | ||
| 530 | |a Disponible también en línea. | ||
| 020 | |a 9789290398653 | ||
| 100 | 1 | |a Barril García, Alex. | |
| 700 | 1 | |a Almada Chavez, Fátima. | |
| 710 | 2 | |a Instituto Interamericano de Cooperación para la Agricultura. | |
| 082 | 0 | 4 | |a 307.72 |
| 856 | 4 | 1 | |3 Acceso a texto completo |u http://webiica.iica.ac.cr/argentina/cdd/cdd-Agricultura-Familiar-Regional.pdf |
| 859 | |a AR-BbBCA |b BIB. AGRONOMIA |h 307.72 |i B275 |p 2008/5423 | ||
